House price index (Record no. 110679)

MARC details
000 -LEADER
fixed length control field 01697cad a22002535a 4500
001 - CONTROL NUMBER
control field L149907
008 - FIXED-LENGTH DATA ELEMENTS--GENERAL INFORMATION
fixed length control field 100414s20100513xxkd f s f000 0 eng d
020 ## - INTERNATIONAL STANDARD BOOK NUMBER
International Standard Book Number 9781409824619
035 ## - SYSTEM CONTROL NUMBER
System control number (Sirsi) u149907
041 0# - LANGUAGE CODE
Language code of text/sound track or separate title eng
050 04 - LIBRARY OF CONGRESS CALL NUMBER
Classification number 333.33 $2 18
110 1# - MAIN ENTRY--CORPORATE NAME
Corporate name or jurisdiction name as entry element United Kingdom
Subordinate unit Department for Communities and Local Government
9 (RLIN) 4939
245 00 - TITLE STATEMENT
Title House price index
Remainder of title March 2010
Medium [electronic resource]
260 ## - PUBLICATION, DISTRIBUTION, ETC.
Place of publication, distribution, etc. London
Name of publisher, distributor, etc. DCLG
Date of publication, distribution, etc. 2010
490 #0 - SERIES STATEMENT
Series statement DCLG House Price Index
Volume/sequential designation March 2010
520 ## - SUMMARY, ETC.
Summary, etc. UK house prices have increased by 9.7% since March 2009 and 0.7% higher than in February 2010. The mix-adjusted average house price was £205 598 in March 2010 (not seasonally adjusted). UK house prices rose by 2.8% in the quarter ending March 2010 compared with a rise of 2.9% in the quarter ending December 2009 (seasonally adjusted). Annual average house prices rose by 10.1% in England, 7.2% in Scotland and 8.1% in Wales but fell in Northern Ireland by 6.9%. Annual average house prices paid by first time buyers in March 2010 were 12.6% higher than a year ago. By comparison average house prices paid by former owner occupiers were 8.6% higher. Annual average house prices paid for new properties in March 2010 were 1.3% higher than a year ago. By comparison average house prices paid on pre-owned dwellings were 10.3% higher.
521 ## - TARGET AUDIENCE NOTE
Target audience note Advanced
590 ## - LOCAL NOTE (RLIN)
Local note KA NTK
650 24 - SUBJECT ADDED ENTRY--TOPICAL TERM
Topical term or geographic name entry element DCLG HOUSE PRICE INDEX
651 #4 - SUBJECT ADDED ENTRY--GEOGRAPHIC NAME
Geographic name United Kingdom
Chronological subdivision
690 ## - LOCAL SUBJECT ADDED ENTRY--TOPICAL TERM (OCLC, RLIN)
Topical term or geographic name as entry element PROPERTY-RESIDENTIAL PROPERTY-RESIDENTIAL PROPERTY MARKET
856 40 - ELECTRONIC LOCATION AND ACCESS
Uniform Resource Identifier <a href="https://www.communities.gov.uk/documents/statistics/pdf/1570377.pdf">https://www.communities.gov.uk/documents/statistics/pdf/1570377.pdf</a>
Public note View this online document free of charge at www.communities.gov.uk
942 ## - ADDED ENTRY ELEMENTS (KOHA)
Suppress in OPAC 0
Holdings
Withdrawn status Lost status Source of classification or shelving scheme Damaged status Not for loan Home library Current library Shelving location Date acquired Total Checkouts Full call number Barcode Date last seen Copy number Price effective from Koha item type
    Dewey Decimal Classification     Virtual Virtual Online 17/05/2010   ONLINE PUBLICATION 149907-2001 06/08/2019 1 06/08/2019 Book